Current United States Rockets - Statistics

General Stats
  • This quiz has been taken 9 times
  • The average score is 9 of 18
Answer Stats
Year first launched Answer % Correct
2010 Falcon 9
100%
2018 Falcon Heavy
100%
2023 SpaceX Starship
100%
2002 Delta IV
89%
2002 Atlas V
78%
2013 Antares
67%
2017 Electron
67%
2021 Firefly Alpha
56%
2022 Space Launch System
56%
2024 Vulcan Centaur
56%
2015 New Shepard
33%
1990 Pegasus
22%
2000 Minotaur I
11%
2010 Minotaur IV
11%
2013 Minotaur V
11%
1994 Minotaur-C
0%
2000 Minotaur II
0%
2023 RS1
0%
No matching quizzes found
Score Distribution
Percent of People with Each Score
Percentile by Number Answered
Your Score History
You have not taken this quiz